Israël pour les touristes... - Facile - Statistiques

Statistiques générales
  • Ce quiz a été pris 112 fois
  • Le résultat moyen est 10 sur 20
Statistiques - réponses
Question Indice Réponses Indice facile % Correct
Quelle est la langue officielle ? Hébreu
99%
Le principal aéroport est T Tel-Aviv
76%
Quelles sont les principaux lieux touristiques ? J {Jérusalem} JUMELERAS
74%
La religion majoritaire est Judaïsme J
69%
Dans la capitale quel est le décalage horaire avec Paris ? (+ ou - et chiffre) ex - 10 ou + 3,5 + 1
67%
Quelles sont les principaux lieux touristiques ? H {Haïfa} FIAHA
63%
Quelles sont les principaux lieux touristiques ? B {Bethléem} BETEEHLM
58%
Combien d'heures (environ) mettrez-vous pour vous y rendre ? (en chiffres) 6
57%
Quelle est la monnaie ? Shekel S
57%
Achats à faire 2/ Chandelier juif Menorah RAMONEH
52%
Comment se nomme la principale compagnie aérienne locale E A El Al ALLE
51%
Code sur les plaques minéralogiques IL
46%
Le suffixe internet est il
46%
Quelles sont les principaux lieux touristiques ? N {Nazareth} ARENATHZ
40%
Quel est le régime du pays ? R P République parlementaire
38%
Achats à faire 3/ Main talisman Hamsa SAMAH
26%
Achats à faire 1/ Petit tissu utile Mouchoir CHROMOIU
21%
Achats à faire 4/ Représentation religieuse Icone NOCEI
18%
Quelles sont les principaux lieux touristiques ? S J A {Saint-Jean-d'Acre} SCANDERAIENTAJ
6%
Quels sont les climats locaux ? T & T {Tempéré} & {Tropical}
6%
Aucun quiz correspondant
Distribution des résultats
% des personnes avec chaque résultat
Percentile par nombre de réponses
Votre historique - résultats
Vous n’avez pas pris ce quiz